MARC details
| 000 -LÍDER |
| campo de controle de tamanho fixo |
01154naa a22003257a 4500 |
| 001 - NÚMERO DE CONTROLE |
| campo de controle |
BR7804590 |
| 003 - IDENTIFICADOR DO NÚMERO DE CONTROLE |
| campo de controle |
BR-BrBNA |
| 005 - DATA E HORÁRIO DA ÚLTIMA TRANSAÇÃO |
| campo de controle |
20240918174132.0 |
| 007 - CAMPO FIXO DE DESCRIÇÃO FÍSICA--INFORMAÇÃO GERAL |
| campo de controle de tamanho fixo |
ta |
| 008 - CAMPO DE DADOS FIXOS--INFORMAÇÃO GERAL |
| campo de controle de tamanho fixo |
230509b bl.||||| |||| 00| 0 por d |
| 040 ## - FONTE DA CATALOGAÇÃO |
| Instituição da catalogação original |
BR-BrBNA |
| Idioma da catalogação |
por |
| Instituição que transcreveu o registro |
Biblioteca Nacional de Agricultura |
| 041 ## - CÓDIGO DE IDIOMA |
| Código do idioma do texto/trilha sonora ou título diferente |
(Pt) |
| 072 ## - CÓDIGO DE CATEGORIA DE ASSUNTO |
| Código de Categoria de Assunto |
P00; P20 |
| Código do objeto |
/G514 |
| 090 ## - NÚMERO DE CHAMADA LOCAL |
| Número de chamada |
P00 BR7804590 |
| 100 1# - ENTRADA PRINCIPAL--NOME PESSOAL |
| Nome pessoal |
Ferreira, L.A.B. |
| 111 1# - ENTRADA PRINCIPAL--NOME DO EVENTO |
| Nome do evento ou lugar |
1. Simposio Nacional de Ecologia |
| Local do evento |
Curitiba, PR (Brazil) |
| Data do evento ou assinatura do tratado |
26 Sep 1978 |
| 245 1# - TÍTULO |
| Título |
Areas de preservacao no Rio Grande do Sul, estado atual e perspectivas [Recurso natural; Brasil] |
| 260 3# - PUBLICAÇÃO, DISTRIBUIÇÃO, ETC. |
| Local de publicação, distribuição, etc. |
Curitiba, PR (Brasil): |
| Data da publicação, distribuição, etc. |
1978. |
| 500 ## - NOTA GERAL |
| Nota geral |
Anais do 1. Simposio Nacional de Ecologia<br/>Curitiba, PR (Brasil): 1978. v. 3 p 106-107<br/>(BR7804590-AM)P00<br/> |
| 650 ## - ASSUNTO--TERMO TÓPICO |
| Cabeçalho tópico ou nome geográfico |
Recurso natural |
| 650 ## - ASSUNTO--TERMO TÓPICO |
| Cabeçalho tópico ou nome geográfico |
Recurso da terra |
| 650 ## - ASSUNTO--TERMO TÓPICO |
| Cabeçalho tópico ou nome geográfico |
Meio ambiente |
| 650 ## - ASSUNTO--TERMO TÓPICO |
| Cabeçalho tópico ou nome geográfico |
Parque nacional |
| 650 ## - ASSUNTO--TERMO TÓPICO |
| Cabeçalho tópico ou nome geográfico |
Reserva biologica |
| 650 ## - ASSUNTO--TERMO TÓPICO |
| Cabeçalho tópico ou nome geográfico |
Conservacao |
| 650 ## - ASSUNTO--TERMO TÓPICO |
| Cabeçalho tópico ou nome geográfico |
Rio Grande do Sul |
| 773 0# - ENTRADA ANALÍTICA |
| Título |
Anais do 1. Simposio Nacional de Ecologia |
| Número de controle do registro |
P00 BR7804590 |
| Partes relacionadas |
Curitiba, PR (Brasil), 1978. v. 3 p 106-107 |
| 909 ## - |
| -- |
202404 |
| -- |
Lucia |
| -- |
55 |
| -- |
Lucia Elande |
| 942 ## - ELEMENTOS DE ENTRADA ADICIONADOS (KOHA) |
| Tipo de material Koha |
Capítulo-Livro |
| Fonte da classificação ou esquema de arquivamento na estante |
Classificação AGRIS |